Premier League Man United's Top Scorers Quiz Stats

 Plays Quiz Updated Jun 7, 2021

Support Sporcle.
Go Orange.
Score 0/41 Timer 08:00
54 Plays Today
Goals Scorer % Correct
183Wayne Rooney
97.4%
109Ryan Giggs
94%
107Paul Scholes
92.5%
84Cristiano Ronaldo
90.4%
62David Beckham
86.9%
93Andrew Cole
84.3%
55Marcus Rashford
81.2%
48Dwight Yorke
80.3%
95Ruud van Nistelrooy
80.1%
48Robin van Persie
78.1%
64Eric Cantona
76.9%
33Roy Keane
74.5%
15Nemanja Vidić
73.5%
91Ole Gunnar Solskjær
72.7%
55Anthony Martial
72.1%
28Paul Pogba
71.7%
31Teddy Sheringham
71.6%
28Romelu Lukaku
68.6%
48Dimitar Berbatov
68.3%
17Michael Carrick
68.1%
26Bruno Fernandes
67%
Goals Scorer % Correct
21Nicky Butt
62.8%
34Juan Mata
60.9%
17Zlatan Ibrahimović
60.7%
17Antonio Valencia
59.7%
19Carlos Tevez
58.4%
26Nani
57.6%
35Mark Hughes
56.3%
18Denis Irwin
55.2%
18Darren Fletcher
54.6%
15Ashley Young
54.3%
18Jesse Lingard
52.5%
19Park Ji-Sung
49.5%
20Danny Welbeck
47.5%
37Javier Hernández
47%
41Louis Saha
46.7%
17Mason Greenwood
45.3%
19Paul Ince
44%
23Andrei Kanchelskis
42.5%
17Lee Sharpe
36.5%
18Brian McClair
34.4%

From the Vault

Find the Upside-Down Countries of Africa

by Chenchilla

Geography 10m
On the upside, if you turn your screen upside down, Africa will be rightside up again.
Remove Ads.
Support Sporcle.
Get the best of Sporcle when you Go Orange. This ad-free experience offers more features, more stats, and more fun while also helping to support Sporcle. Thank you for becoming a member.

Show Comments

Extras

Top Quizzes Today


Score Distribution

Your Account Isn't Verified!

In order to create a playlist on Sporcle, you need to verify the email address you used during registration. Go to your Sporcle Settings to finish the process.

Report this User

Report this user for behavior that violates our Community Guidelines.

Details: